000 00406 a2200121 4500
001 ART_11895
005 20260410161901.0
008 260409a
245 1 0 _aTaxation and risk taking in general equilibrium models with free entry
100 1 _aLaffont, Jean-Jacques
700 1 _aKihlstrom, Richard E.
773 0 _tJournal of public economics
_g- Vol. 21, NÂș 2 (jul. 1983)
_wREV11485
999 _c25931
_d25931